|
|
|
|
| LEADER |
00000nam a2200000 i 4500 |
| 001 |
1/58934 |
| 008 |
141103s2012 eng d |
| 020 |
|
|
|a 978-0-12-385540-4 (hbk)
|
| 035 |
|
|
|l 10119609
|
| 040 |
|
|
|a GR-MY-UA
|b gre
|e aacr
|
| 041 |
0 |
|
|a eng
|
| 082 |
0 |
|
|a 543.85
|2 (23)
|
| 100 |
1 |
|
|a Poole, Colin F.
|
| 245 |
1 |
0 |
|a Gas chromatography /
|c Colin F. Poole
|
| 260 |
|
|
|a Oxford :
|b Elsevier,
|c c2012
|
| 300 |
|
|
|a viii, 743 σ.;
|b πίν., σχέδια;
|c 24 εκ.
|
| 504 |
|
|
|a Περιλαμβάνει βιβλιογραφία και ευρετήριο
|
| 650 |
0 |
0 |
|a Gas chromatography.
|
| 650 |
0 |
0 |
|a Chromatographic analysis.
|
| 852 |
|
|
|a INST
|b LEMNOS
|e 20141103
|h 543.85 POO
|p 005600001670
|q 005600001670
|t BK
|y 0
|
| 901 |
|
|
|a BIBL6-2014-3
|
| 909 |
|
|
|a Μ
|b 189089
|
| 922 |
|
|
|a 6ΕΛΗ
|b 201405
|c ΤΑΚ/ΤΕΤΔ
|d ΔΙΑΔΡΟΜΕΣ
|
| 970 |
|
|
|a ΜΟΣΧΟΒΗ
|b ΕΥΑΓΓΕΛΙΑ
|z 2014/11/03
|